00560cam a22001337a 4500008004000000082001700040245009000057260007100147300000900218650003400227700005600261999001900317952009000336180718b2007 xxu||||| |||| 00| 0 eng d aL6037x5452 C aCommercial audit manual, 2007cby Office of the Accountant General (C&RA), Tamil Nadu aChennaibOffice of the Accountant General (C&RA), Tamil Naduc2007 av.p. aAuditing - India - Tamil Nadu aTamil Nadu. Office of the Accountant General (C&RA) c481564d481564 00104070aIIPAbIIPAd2018-08-04oL6037x5452 CpGG29397r2018-08-04w2018-08-04yGG